Loading...
| History - World | 0 | 8 | 1 | 0 | 75 | 59 | 79.38 | 1 | 3 | 0.00 | 0.00 |
| Religion | 0 | 7 | 1 | 1 | 65 | 43 | 92.43 | 0 | 1 | 0.00 | 0.00 |
| Current Events | 0 | 5 | 2 | 0 | 40 | 55 | 81.20 | 0 | 2 | 0.00 | 0.00 |
| History - American | 0 | 4 | 1 | 0 | 35 | 81 | 102.25 | 0 | 0 | 0.00 | 0.00 |
| History - European | 0 | 5 | 3 | 0 | 35 | 58 | 87.00 | 0 | 0 | 0.00 | 0.00 |
| Science - Chemistry | 0 | 2 | 0 | 0 | 20 | 81 | 83.00 | 1 | 1 | 0.00 | 0.00 |
| Fine Arts - Other | 0 | 2 | 0 | 1 | 20 | 122 | 129.00 | 0 | 0 | 0.00 | 0.00 |
| Science - Biology | 0 | 2 | 0 | 1 | 20 | 84 | 111.00 | 0 | 0 | 0.00 | 0.00 |
| Social Science | 0 | 2 | 1 | 0 | 15 | 96 | 96.50 | 0 | 0 | 0.00 | 0.00 |
| Any History | 0 | 2 | 1 | 1 | 15 | 119 | 123.00 | 0 | 0 | 0.00 | 0.00 |
| Mythology | 0 | 1 | 0 | 1 | 10 | 146 | 146.00 | 0 | 0 | 0.00 | 0.00 |
| Geography | 0 | 1 | 0 | 0 | 10 | 114 | 114.00 | 0 | 0 | 0.00 | 0.00 |
| Fine Arts - Classical Music | 0 | 1 | 0 | 0 | 10 | 141 | 141.00 | 0 | 0 | 0.00 | 0.00 |
| Science - Other | 0 | 1 | 0 | 0 | 10 | 131 | 131.00 | 0 | 0 | 0.00 | 0.00 |
| Other Academic | 0 | 2 | 4 | 0 | 0 | 90 | 91.50 | 0 | 0 | 0.00 | 0.00 |